Largest Countries in the World by Area Quiz Stats

Quiz Updated Dec 16, 2014

Challenge
Share
Tweet
Embed
Score 0/25 Timer 05:00
7 Plays Today
% Correct
Canada
95.4%
United States
94.9%
China
93.9%
Brazil
93.6%
Australia
92.9%
Russia
92.9%
India
86.6%
Argentina
84.6%
Mexico
80.7%
Saudi Arabia
78.8%
Dem. Rep. of the Congo
75.5%
Kazakhstan
74.9%
Mongolia
68.9%
% Correct
Indonesia
65.3%
South Africa
65.1%
Algeria
63.5%
Iran
62.7%
Sudan
56.3%
Chad
47.9%
Denmark
47.6%
Libya
47.5%
Niger
39%
Angola
34%
Peru
31.9%
Mali
30.2%

You're not logged in!

Compare scores with friends on all Sporcle quizzes.
Join for Free
OR
Log In

You Might Also Like...

Show Comments

Extras

Top Quizzes Today


Score Distribution

Your Account Isn't Verified!

In order to create a playlist on Sporcle, you need to verify the email address you used during registration. Go to your Sporcle Settings to finish the process.

Report this User

Report this user for behavior that violates our Community Guidelines.

Details: